=LDR 00000nam 2200000 4500 =001 INLIS000000000024451 =005 20160615142821.0 =006 =007 =008 Ind =035 ##$$0010-061300000024451 =041 ##$$a Ind =082 ##$$a 400.7 =090 ##$$a 400.7, Tar m =100 ##$$a Tarigan, Henry Guntur =245 ##$$a Metodologi pengajaran bahasa 2, Henry Guntur Tarigan =260 ##$$a 1991 $b Bandung =300 ##$$a 270 hlm, 21 cm =650 ##$$a Pengajaran bahasa =850 ##$$a NBPNMAT